Comparsion of Compression Tools for Mobile Web Application Optimization (Record no. 59122)

000 -LEADER
fixed length control field 01818nam a22001457a 4500
100 ## - MAIN ENTRY--AUTHOR NAME
Personal name Manzar Bashir Arain
-- 13MS(ST)06
-- Supervisor Dr. Akhtar Hussain Jalbani
100 ## - MAIN ENTRY--AUTHOR NAME
Personal name 13MS(ST)06
245 ## - TITLE STATEMENT
Title Comparsion of Compression Tools for Mobile Web Application Optimization
260 ## - PUBLICATION, DISTRIBUTION, ETC. (IMPRINT)
Place of publication Nawabshah:
Name of publisher QUEST,
Year of publication 2015.
300 ## - PHYSICAL DESCRIPTION
Number of Pages 44p.
500 ## - GENERAL NOTE
General note ABSTRACT

Internet is one which integrates the people throughout the world. People carry out their tasks using different devices such as smart phones for e-commerce and other online web applications. The progressively uses of smartphones and tablet PCs increase the access ability of intern et throughout the world, therefore the websites need to be optimized for such devices (i.e., Sma1iphone, tablets, iPhone) in order to provide the best user interfaces. However, one of the very important considerations about the response time and perform Ance issues is delay, because we can never ignore the customers experience on smart dev ices. In this research an educational domain-based web app has been developed using HTMLS & CSS3 which is used as input for code compression tools then web application is tested on different common twenty out of them five compression tools are compared in this research in order to suggest the more suitable Html 5 and CSS3 compress ion tool for code compression. Comparative analysis of this research study shows that YUI compressor tool is more suitable for code compression. The suggested compression too l may be useful for web developers /engineers to compress the web applications in order to save their time and efforts and develop highly optimized web applications to provide the visitor's much better experience.
700 ## - ADDED ENTRY--PERSONAL NAME
Personal name Department of Information Technology
856 ## - ELECTRONIC LOCATION AND ACCESS
Uniform Resource Identifier https://tinyurl.com/yjtxyb78
942 ## - ADDED ENTRY ELEMENTS (KOHA)
Koha item type Thesis and Dissertation
Holdings
Withdrawn status Lost status Permanent Location Current Location Date acquired Accession Number Koha item type
    Research Section Research Section 2018-09-26 MP/10-98/ Thesis and Dissertation

Copyright © 2018,The QUEST, Nawabshah, Shaheed Benazirabad. All rights reserved
Mr. G. Farooq Channar (Librarian) QUEST, Nawabshah, Sindh, Pakistan 67480.
 Ph#: |   0244-9370381-4 Ext. 2308   Email| lib@quest.edu.pk   Web|  http://www.quest.edu.pk